Dad Jokes Quiz! - Statistics

General Stats
  • This quiz has been taken 62 times
    59 since last reset
  • The average score is 4 of 10
Answer Stats
Hint Answer % Correct
What's brown and sticky? A stick.
85%
What do you call cheese that isn’t yours? Nacho Cheese.
68%
What do you call a fake noodle? An Impasta!
57%
Why don't eggs tell jokes? They might crack up!
45%
Why can't you trust atoms? They make up everything!
38%
Why did the math book look sad? Because it had too many problems!
32%
What state is known for its small drinks? Minnesota.
28%
When does a joke become a dad joke? When it becomes apparent.
25%
Why did the coffee file a police report? It got mugged!
15%
What did the big flower say to the little flower? "Hi, bud!"
11%
No matching quizzes found
Score Distribution
Percent of People with Each Score
Percentile by Number Answered
Your Score History
You have not taken this quiz since the last reset